000 00784nam a2200253Ia 4500
003 OSt
005 20221005072649.0
006 a|||||r|||| 00| 0
007 ta
008 221004b |||||||| |||| 00| 0 urd d
020 _a9789389358766 (hbk)
_cINR 150.00
024 _a65856
037 _b2375, 19/02/2020, M.R.Publications
_cTextual
040 _aCRL
_cCRL
_burd
041 _2urd
_aurd
082 _aO168,6:g, Q9
100 _aMadny Sayed Shamim Ahmad Au.
_9607378
245 0 _aFikri zawiye
260 _aNew Delhi
_bEducational publishing house India
_c2019
300 _a80p.
_ccm.
650 _aURDU PROSE
_926866
942 _hO168,6:g, Q9
_cTEXL
_2cc
999 _c979835
_d979835